| 000 | 00822nam a2200241 i 4500 | ||
|---|---|---|---|
| 001 | 8957 | ||
| 003 | ES-MaACL | ||
| 005 | 20230906145554.0 | ||
| 007 | t| | ||
| 008 | 921117s1991 fr ||||1| fre d | ||
| 020 | _a92-64-23559-0 | ||
| 080 | _a338.984.4(100) | ||
| 245 | 0 | 4 |
_aLes industries stratégiques dans une économie globale _b: questions pour les années 90. |
| 260 |
_aParis : _bOCDE, _ccop. 1991. |
||
| 300 |
_a120 p. ; _c23 cm. |
||
| 490 | 1 | _aProgramme de L'OCDE sur l'avenir a long terme | |
| 650 | 1 | 4 |
_aEconomía internacional. _912028 |
| 650 | 1 | 4 |
_aIndustrias- _xProteccionismo. _913739 |
| 710 | 2 |
_aOrganización de Cooperación y Desarrollo Económico. _9167502 |
|
| 830 | 0 |
_aProgramme de L'OCDE sur l'avenir a long terme _9228014 |
|
| 852 |
_aES-MaACL _jL-16333 _bR.120885 |
||
| 999 |
_c8957 _d8957 |
||